书目信息 |
| 题名: |
啸声
|
|
| 作者: | 啸声 著 | |
| 分册: | ||
| 出版信息: | 南昌 江西美术出版社 2012.06 |
|
| 页数: | 368页 | |
| 开本: | 25cm | |
| 丛书名: | ||
| 单 册: | ||
| 中图分类: | J051.956 | |
| 科图分类: | ||
| 主题词: | 西方艺术--艺术评论 , 西方艺术 , 艺术评论 | |
| 电子资源: | ||
| ISBN: | 978-7-5480-1252-8 | |
| 000 | 01004nam0 2200265 450 | |
| 001 | 005554070 | |
| 005 | 20140612091124.48 | |
| 010 | @a978-7-5480-1252-8@dCNY99.00 | |
| 100 | @a20120925d2012 em y0chiy50 ea | |
| 101 | 0 | @achi |
| 102 | @aCN@b360000 | |
| 105 | @aa z 000yy | |
| 106 | @ar | |
| 200 | 1 | @a啸声@9xiao sheng@e西方艺术纵横谈@f啸声著 |
| 210 | @a南昌@c江西美术出版社@d2012.06 | |
| 215 | @a368页@c图,照片@d25cm | |
| 330 | @a本书分三部分:“古今纵横”是记考察、谈感受、发议论,涉及作者接触到的古今中外名胜遗迹或逸闻轶事,为展览撰写的专文或评论;“艺苑芬芳”介绍欧美一些艺坛著名的历史人物,对他们的为人为艺作出分析和评价;“异彩纷呈”对西方几种堪称冷门的“小艺术”如镶嵌画、彩窗、壁毯等,作出概括的介绍。 | |
| 517 | 1 | @a西方艺术纵横谈@9xi fang yi shu zong heng tan |
| 606 | 0 | @a西方艺术@x艺术评论 |
| 606 | 0 | @a西方艺术 |
| 606 | 0 | @a艺术评论 |
| 690 | @aJ051.956@v5 | |
| 701 | 0 | @a啸声@9xiao sheng@f(1938-)@4著 |
| 801 | 0 | @aCN@bNLC@c20120925 |
| 905 | @b548574-76@dJ051.956@e296@f3 | |
| 啸声:西方艺术纵横谈/啸声著.-南昌:江西美术出版社,2012.06 |
| 368页:图,照片;25cm |
| ISBN 978-7-5480-1252-8:CNY99.00 |
| 本书分三部分:“古今纵横”是记考察、谈感受、发议论,涉及作者接触到的古今中外名胜遗迹或逸闻轶事,为展览撰写的专文或评论;“艺苑芬芳”介绍欧美一些艺坛著名的历史人物,对他们的为人为艺作出分析和评价;“异彩纷呈”对西方几种堪称冷门的“小艺术”如镶嵌画、彩窗、壁毯等,作出概括的介绍。 |
| ● |
| 相关链接 |
|
|
|
|
正题名:啸声
索取号:J051.956/296
 
预约/预借
| 序号 | 登录号 | 条形码 | 馆藏地/架位号 | 状态 | 备注 |
| 1 | 548574 | 205485740 | 第一样本阅览室/ [索取号:J051.956/296] | 在馆 | |
| 2 | 548575 | 205485759 | 第一借阅区/ [索取号:J051.956/296] | 在馆 | |
| 3 | 548576 | 205485768 | 第一借阅区/ [索取号:J051.956/296] | 在馆 |